000 00743nam a2200265Ia 4500
005 20260302115346.0
008 008 260114s9999 xx 000 0 eng d
020 _a9798216025665
037 _aTextbook
040 _aCRL
040 _beng
040 _cCRL
041 _2eng
041 _aeng
084 _qCRL
100 _aAgnes Regan Perkins, Alethea K. Helbig
_91121398
245 0 _aThis Land Is Our Land A Guide to Multicultural Literature for Children and Young Adults
260 _bBloomsbury
260 _bGreenwood
260 _c1994
650 _aLiterary Studies
856 _uhttps://doi.org/10.5040/9798216025665?locatt=label:secondary_bloomsburyCollections
942 _cEBOOK
999 _c1685928
_d1685928